| 000 -LEADER |
| fixed length control field |
00499nam a22001577a 4500 |
| 008 - FIXED-LENGTH DATA ELEMENTS--GENERAL INFORMATION |
| fixed length control field |
210614b ||||| |||| 00| 0 eng d |
| 082 00 - DEWEY DECIMAL CLASSIFICATION NUMBER |
| Classification number |
005.7 |
| Item number |
S9385 |
| 100 ## - MAIN ENTRY--PERSONAL NAME |
| 9 (RLIN) |
5050 |
| Personal name |
Su, Y. W. Stanley |
| 245 10 - TITLE STATEMENT |
| Title |
Database computers: principles, architectures and techniques / |
| 250 ## - EDITION STATEMENT |
| Edition statement |
1st ed. |
| 260 ## - PUBLICATION, DISTRIBUTION, ETC. (IMPRINT) |
| Place of publication, distribution, etc |
New York: |
| Name of publisher, distributor, etc |
McGraw Hill Book Company, |
| Date of publication, distribution, etc |
c1998. |
| 300 ## - PHYSICAL DESCRIPTION |
| Extent |
xiv, 497p. |
| 490 0# - SERIES STATEMENT |
| Series statement |
McGraw Hill Computer Science Series |
| 650 #0 - SUBJECT ADDED ENTRY--TOPICAL TERM |
| Topical term or geographic name as entry element |
Database Management |
| 942 ## - ADDED ENTRY ELEMENTS (KOHA) |
| Item type |
Books |